[Event "Bamberg op-B 5th"]
[Site "Bamberg"]
[Date "2023.07.29"]
[Round "6"]
[White "Eis, Cedric"]
[Black "Rode, Stefan"]
[Result "0-1"]
[WhiteElo "1389"]
[BlackElo "1734"]
[PlyCount "130"]
[EventDate "2023.07.26"]
[EventType "swiss"]
[EventRounds "7"]
[EventCountry "GER"]
[SourceTitle "CBM 215 Extra"]
[Source "ChessBase"]
[SourceDate "2023.09.30"]
[SourceVersion "1"]
[SourceVersionDate "2023.09.30"]
[SourceQuality "1"]

1. e4 c5 2. c3 d5 3. exd5 Qxd5 4. d4 cxd4 5. cxd4 Nf6 6. Nc3 Qd8 7. Nf3 e6 8. a3 Be7 9. Bc4 0-0 10. 0-0 Qc7 11. Ba2 a6 12. Re1 Nc6 13. h3 Rd8 14. Be3 Bd7 15. Qc2 Rac8 16. Rad1 Qa5 17. Qb3 b5 18. Bf4 b4 19. Ne4 Nd5 20. Bd2 Qb6 21. Qd3 Be8 22. Rc1 Rc7 23. Nc5 Nxd4 24. Nxd4 Bxc5 25. Be3 Nf6 26. axb4 Bxd4 27. Rxc7 Qxc7 28. Bxd4 Qd6 29. Rd1 e5 30. Bc4 Qxd4 31. Qxd4 Rxd4 32. Rxd4 exd4 33. Bxa6 Nd5 34. b5 Nc7 35. Kf1 Bxb5+ 36. Bxb5 Nxb5 37. Ke2 Kf8 38. Kd3 Ke7 39. Kc4 Kd6 40. f3 Ke5 41. g3 g5 42. Kd3 f5 43. Kd2 h5 44. Ke2 h4 45. Kf2 d3 46. gxh4 gxh4 47. Ke3 d2 48. Kxd2 Kd4 49. Ke2 Nc7 50. b4 f4 51. Kd2 Nb5 52. Ke2 Kc3 53. Kd1 Kd3 54. Ke1 Ke3 55. Kf1 Kxf3 56. Kg1 Kg3 57. Kf1 f3 58. Kg1 Kxh3 59. Kf2 Kg4 60. Kg1 h3 61. Kh1 Kg3 62. Kg1 h2+ 63. Kh1 Nc3 64. b5 Ne4 65. b6 Nf2# 0-1

[Event "Bamberg op-B 5th"]
[Site "Bamberg"]
[Date "2023.07.26"]
[Round "1"]
[White "Rode, Stefan"]
[Black "Vorsilka, Jiri"]
[Result "0-1"]
[WhiteElo "1734"]
[BlackElo "1556"]
[PlyCount "64"]
[EventDate "2023.07.26"]
[EventType "swiss"]
[EventRounds "7"]
[EventCountry "GER"]
[SourceTitle "CBM 215 Extra"]
[Source "ChessBase"]
[SourceDate "2023.09.30"]
[SourceVersion "1"]
[SourceVersionDate "2023.09.30"]
[SourceQuality "1"]

1. e4 c5 2. Nf3 a6 3. d4 cxd4 4. Nxd4 Nf6 5. Nc3 d6 6. Bg5 e6 7. f4 Be7 8. Qf3 h6 9. Bxf6 Bxf6 10. 0-0-0 Nd7 11. g4 Qb6 12. Nb3 Nc5 13. Bg2 Nxb3+ 14. axb3 Qc5 15. Rd3 Bd7 16. Rhd1 Be7 17. f5 Bc6 18. Qg3 Rc8 19. h4 b5 20. R3d2 b4 21. Ne2 e5 22. g5 h5 23. f6 Bf8 24. Bh3 Rc7 25. g6 Bxe4 26. gxf7+ Kxf7 27. fxg7 Bxg7 28. Rf1+ Kg8 29. Be6+ Kh7 30. Bf5+ Bxf5 31. Rxf5 Bh6 32. Rxh5 Qxc2# 0-1

[Event "Goch op 27th"]
[Site "Goch"]
[Date "2016.09.04"]
[Round "6"]
[White "Schweisgut, Jens"]
[Black "Rode, Stefan"]
[Result "1/2-1/2"]
[WhiteElo "1740"]
[BlackElo "1587"]
[PlyCount "86"]
[EventDate "2016.09.01"]
[EventType "swiss"]
[EventRounds "7"]
[EventCountry "GER"]
[SourceTitle "EXT 2018"]
[Source "ChessBase"]
[SourceDate "2017.10.13"]
[SourceVersion "1"]
[SourceVersionDate "2017.10.13"]
[SourceQuality "1"]

1. e4 c5 2. Nf3 Nc6 3. d4 cxd4 4. Nxd4 g6 5. c4 Bg7 6. Be3 d6 7. Nc3 Nf6 8. Be2 0-0 9. Qd2 Ng4 10. Bxg4 Bxg4 11. h3 Bd7 12. 0-0 Rc8 13. b3 a6 14. Rad1 Qa5 15. Nxc6 bxc6 16. Na4 Qxd2 17. Rxd2 Rb8 18. c5 d5 19. Nb6 Be6 20. exd5 cxd5 21. Nxd5 Bf6 22. Nxf6+ exf6 23. Bf4 Rb4 24. Bd6 Re8 25. Re2 Rd4 26. Rfe1 Rc8 27. Re3 Rc6 28. a3 h5 29. b4 Rd2 30. R1e2 Rxe2 31. Rxe2 Bc4 32. Re8+ Kh7 33. Re7 Kg8 34. f4 Bb5 35. Kf2 Rc8 36. Rb7 Re8 37. Rb8 Rxb8 38. Bxb8 Kf8 39. Ke3 Ke8 40. g3 Kd7 41. Bd6 f5 42. Kd4 Ke6 43. Bf8 Ba4 1/2-1/2